MESTSKÁ KNIŽNICA GIRALTOVCE  - online katalóg 

Technical Guidelines for Digital Cultural Content Creation Programmes (Record no. 14081)

000 -NÁVESTIE
fixed length control field 00294nam a2200109 a 4500
008 - ÚDAJE S PEVNOU DĹŽKOU – VŠEOBECNÉ INFORMÁCIE
fixed length control field 101210s2005|||| d
020 ## - MEDZINÁRODNÉ ŠTANDARDNÉ ČÍSLO KNIHY (ISBN)
Údaje o dostupnosti 10
041 ## - KÓD JAZYKA
Kód jazyka textu/zvukovej stopy alebo samostatných nápisov eng
044 ## - KÓD KRAJINY VYDAVATEĽA/PRODUCENTA
Kód krajiny MARC EN
245 10 - NÁZOV
Názov Technical Guidelines for Digital Cultural Content Creation Programmes
260 ## - VYDAVATEĽSKÉ ÚDAJE, DISTRIBÚCIA ATĎ.
Názov vydavateľa, distibútora atď. La Tipografia
Miesto publikovania, distribúcie atď. Rome
Dátum publikovania, distribúcie atď. 2005
Holdings
Stav stiahnutia (Blokovanie) (Withrawn status) Stav straty Stav poškodenia (Damaged status) Nie pre výpožičky (Not for loan) Spôsob nadobudnutia (Collection code) Trvalé umiestnenie Aktuálne umiestnenie Dátum nadobudnutia Náklady, bežná kúpna cena Inventárne číslo (prírastkové číslo) Full call number Dátum posledného výskytu Cena s účinnosťou od Typ jednotky Koha
        Kúpa Mestská knižnica Giraltovce Mestská knižnica Giraltovce 2019-11-29 10.00 14120 I 0191 2019-11-29 2019-11-29 Odborná literatúra pre dospelých

Powered by Koha